000
00335 a2200157 4500
001
154879
040
_c
Escola São Tomás de Aquino
100
_a
OLIVEIRA, R
240
1
0
_a
Física em contextos
_l
por
245
1
0
_a
Física em contextos
300
_a
495
362
0
_a
2011
440
1
_a
FTD
697
_a
FÍSICA
942
_c
BK
999
_c
154879
_d
154879